000 00599nam a22002057a 4500
005 20250519112339.0
008 250519b |||||||| |||| 00| 0 eng d
040 _cDO
245 _aPolar bears
250 _aDecember 2000 Vol. 198 No. 6
490 _aNational Geographic
520 _aBlue Nile, Polar Bears, Dawn of Humans, Fiordland, In Search of Lake Wobegon, Journey to Shipton's Arch, North Pole, Alaska
650 _xSACRED WATERS
650 _xBEAR
650 _xTHE DAWN OF HUMANS
650 _xFIORDLAND
650 _xLAKE WOBEGON
650 _xSHIPTON'S ARCH
942 _2ddc
_cCR
999 _c5527
_d5527